Leadership: Theory and pratice (Record no. 1459292)

MARC details
000 -LEADER
fixed length control field 00571nam a2200205Ia 4500
005 - DATE AND TIME OF LATEST TRANSACTION
control field 20250923150057.0
008 - FIXED-LENGTH DATA ELEMENTS--GENERAL INFORMATION
fixed length control field 008 250917s9999 xx 000 0 eng d
037 ## - SOURCE OF ACQUISITION
Stock number Textual
040 ## - CATALOGING SOURCE
Original cataloging agency DSWL
Language of cataloging eng
Transcribing agency DSWL
041 ## - LANGUAGE CODE
Language code of text/sound track or separate title eng
Source of code eng
084 ## - COLON CLASSIFICATION NUMBER
Classification number Y48, PO1
Assigning agency DSWL
100 ## - MAIN ENTRY--PERSONAL NAME
Personal name Northouse, P G
9 (RLIN) 841963
245 #0 - TITLE STATEMENT
Title Leadership: Theory and pratice
Statement of responsibility, etc. by P G Northouse
260 ## - PUBLICATION, DISTRIBUTION, ETC.
Place of publication, distribution, etc. Thousand Oaks
Name of publisher, distributor, etc. Oaks Sage Publication
Date of publication, distribution, etc. 2001
300 ## - PHYSICAL DESCRIPTION
Extent 294p.
365 ## - TRADE PRICE
Price type code INR
Price amount 1674.1
925 ## -
-- 1674.1
942 ## - ADDED ENTRY ELEMENTS (KOHA)
Koha item type Textual
Classification part Y48, PO1
Holdings
Withdrawn status Lost status Damaged status Not for loan Home library Current library Date acquired Total Checkouts Full call number Barcode Date last seen Price effective from Koha item type
        Department of Social Work Library Department of Social Work Library 2025-09-23   Y48, PO1 SW0027781 2025-09-23 2025-09-23 Textual
Copyright @ Delhi University Library System